| 000 | 01234nab a2200205 i 4500 | ||
|---|---|---|---|
| 001 | 768714001 | ||
| 003 | CO-MdFUSB | ||
| 005 | 20240507145301.0 | ||
| 008 | 240507t1968 sp ||||| |||| 00| 0 spa d | ||
| 040 |
_bspa _cCO-MdFUSB _dCO-MdFUSB |
||
| 041 | _aspa | ||
| 100 |
_aGirardi, Júlio, _eautor |
||
| 245 |
_aFilosofía de la revolución y ateísmo _c/ Júlio Girardi |
||
| 520 | _aAteísmo y revolución constituyen dos temas sobresalientes de la reflexión contemporánea. A primera vista brotan en dos terrenos muy diferentes: la especulación y la acción: la filosofía y el compromiso político, económico y social. Se empieza tratando de poner en evidencia sus mutuas interferencias. Ello permitirá, de un lado, captar con mayor profundidad el sentido del ateísmo (al menos en cuanto a algunas de sus formas) y el de la revolución; de otro, nos situará en el centro mismo de las cuestiones que desearíamos abordar. | ||
| 650 | 7 |
_aAteísmo _97096 |
|
| 650 | 7 |
_aFilosofía _97168 |
|
| 773 | 0 |
_049450 _982596 _oR2526 _tRevista internacional de teología Concilium _w(CO-MdFUSB)8 _x0210-1041 _gNúmero 36, (junio, 1968), páginas: 505 - 519 _qpágina: 505 |
|
| 942 | _cANA | ||
| 945 | _aCatherine Arias Alvarez - Practicante SENA | ||
| 999 |
_c69541 _d69541 |
||